Star Wars All Movies and Shows - Statistics

General Stats
  • This quiz has been taken 228 times
  • The average score is 20 of 24
Answer Stats
Group Years Project % Correct
Movie 1983 Star Wars: Episode VI: Return of the Jedi
99%
Movie 2008 Star Wars: The Clone Wars
99%
Series 2008-2013, 2014, 2020 Star Wars: The Clone Wars
99%
Movie 1977 Star Wars: Episode IV: A New Hope
98%
Movie 2005 Star Wars: Episode III: Revenge of the Sith
97%
Movie 1980 Star Wars: Episode V: The Empire Strikes Back
96%
Series 2019-Present Star Wars: The Mandalorian
96%
Movie 1999 Star Wars: Episode I: The Phantom Menace
95%
Movie 2018 Solo: A Star Wars Story
94%
Movie 2002 Star Wars: Episode II: Attack of the Clones
94%
Movie 2017 Star Wars: Episode VIII: The Last Jedi
94%
Movie 2016 Rogue One: A Star Wars Story
91%
Movie 2019 Star Wars: Episode IX: The Rise of Skywalker
90%
Movie 2015 Star Wars: Episode VII: The Force Awakens
90%
Miniseries 2023 Star Wars: Ahsoka
83%
Series 2014-2018 Star Wars: Rebels
83%
Miniseries 2022 Star Wars: Obi-Wan Kenobi
82%
Miniseries 2021-2022 Star Wars: The Book of Boba Fett
82%
Series 2022-Present Star Wars: Andor
75%
Series 2021-Present Star Wars: The Bad Batch
72%
Miniseries 2022 Star Wars: Tales of the Jedi
55%
Series 2018-2020 Star Wars: Resistance
49%
Series 2024-Present Star Wars: The Acolyte
39%
Series 2023-Present Star Wars: Skeleton Crew
17%
No matching quizzes found
Score Distribution
Percent of People with Each Score
Percentile by Number Answered
Your Score History
You have not taken this quiz